000 00399nam a2200181Ia 4500
001 3402
005 20260306145640.0
008 260306t2001||||xx |||||||||||||| ||spa||
041 _aESP
082 _a272
_bV62
100 _aViciano, Albert
_eAUT
245 0 _aPatrologĂ­a
260 _c2001
300 _a344 páginas :
_c23 cm.
650 _aGEN
654 _aCHU
942 _cLIB
_dJUS
_fJUS
_2ddc
_n
999 _c3402
_d3402